Introducción a cinética y diseño de reactores

Պահպանված է:
Մատենագիտական մանրամասներ
Հիմնական հեղինակ: Cotter, George
Ձևաչափ: Գիրք
Լեզու:Spanish
Հրապարակվել է: San Pedro de Montes de Oca, Costa Rica : Universidad de Costa Rica, Escuela de Ingenieria Quimica, 1972
Խորագրեր:
Ցուցիչներ: Ավելացրեք ցուցիչ
Չկան պիտակներ, Եղեք առաջինը, ով նշում է այս գրառումը!

MARC

LEADER 00000nam a2200000Ia 4500
003 000744
005 20221231143955.0
008 140114s1972 cr a 000 ||spa d
040 |c cru CEDI 
082 |a 541.394 C847i 
100 |a Cotter, George  |9 19754 
245 |a Introducción a cinética y diseño de reactores 
260 |a San Pedro de Montes de Oca, Costa Rica : Universidad de Costa Rica, Escuela de Ingenieria Quimica,  |c  1972 
300 |a 184 páginas 
650 |x CINETICA QUIMICA  |9 19755 
942 |2 ddc  |c BK 
999 |c 15019  |d 15019